Generation III Pokémon (Hoenn) - Statistics

General Stats
  • This quiz has been taken 5,135 times
  • The average score is 91 of 135
Answer Stats
# Type Answer % Correct
258 Water Mudkip
98%
255 Fire Torchic
97%
257 Fire/Fighting Blaziken
96%
252 Grass Treecko
95%
254 Grass Sceptile
93%
260 Water/Ground Swampert
93%
256 Fire/Fighting Combusken
92%
253 Grass Grovyle
91%
259 Water/Ground Marshtomp
91%
383 Ground Groudon
89%
382 Water Kyogre
88%
261 Dark Poochyena
87%
262 Dark Mightyena
86%
384 Dragon/Flying Rayquaza
86%
265 Bug Wurmple
85%
263 Normal Zigzagoon
85%
268 Bug Cascoon
84%
270 Water/Grass Lotad
84%
280 Psychic/Fairy Ralts
84%
377 Rock Regirock
84%
379 Steel Registeel
84%
267 Bug/Flying Beautifly
83%
282 Psychic/Fairy Gardevoir
83%
272 Water/Grass Ludicolo
83%
378 Ice Regice
83%
266 Bug Silcoon
83%
269 Bug/Poison Dustox
82%
281 Psychic/Fairy Kirlia
81%
264 Normal Linoone
81%
277 Normal/Flying Swellow
80%
278 Water/Flying Wingull
80%
271 Water/Grass Lombre
79%
376 Steel/Psychic Metagross
79%
279 Water/Flying Pelipper
79%
371 Dragon Bagon
78%
380 Dragon/Psychic Latias
78%
381 Dragon/Psychic Latios
78%
373 Dragon/Flying Salamence
78%
273 Grass Seedot
78%
276 Normal/Flying Taillow
78%
386 Psychic Deoxys
77%
330 Ground/Dragon Flygon
77%
274 Grass/Dark Nuzleaf
77%
375 Steel/Psychic Metang
76%
275 Grass/Dark Shiftry
76%
374 Steel/Psychic Beldum
75%
385 Steel/Psychic Jirachi
75%
304 Steel/Rock Aron
74%
291 Bug/Flying Ninjask
74%
328 Ground Trapinch
74%
306 Steel/Rock Aggron
73%
323 Fire/Ground Camerupt
73%
309 Electric Electrike
73%
322 Fire/Ground Numel
73%
286 Grass/Fighting Breloom
72%
310 Electric Manectric
72%
308 Fighting/Psychic Medicham
72%
372 Dragon Shelgon
72%
289 Normal Slaking
72%
290 Bug/Ground Nincada
71%
292 Bug/Ghost Shedinja
71%
285 Grass Shroomish
71%
329 Ground/Dragon Vibrava
71%
305 Steel/Rock Lairon
70%
307 Fighting/Psychic Meditite
70%
319 Water/Dark Sharpedo
70%
283 Bug/Water Surskit
70%
338 Rock/Psychic Solrock
69%
297 Fighting Hariyama
68%
337 Rock/Psychic Lunatone
68%
302 Dark/Ghost Sableye
68%
287 Normal Slakoth
68%
288 Normal Vigoroth
68%
296 Fighting Makuhita
67%
312 Electric Minun
67%
311 Electric Plusle
67%
363 Ice/Water Spheal
67%
334 Dragon/Flying Altaria
66%
356 Ghost Dusclops
65%
355 Ghost Duskull
65%
284 Bug/Flying Masquerain
65%
324 Fire Torkoal
65%
365 Ice/Water Walrein
65%
333 Normal/Flying Swablu
64%
354 Ghost Banette
63%
303 Steel/Fairy Mawile
63%
364 Ice/Water Sealeo
62%
353 Ghost Shuppet
62%
357 Grass/Flying Tropius
62%
318 Water/Dark Carvanha
61%
362 Ice Glalie
60%
321 Water Wailord
60%
295 Normal Exploud
59%
320 Water Wailmer
59%
294 Normal Loudred
58%
299 Rock Nosepass
58%
361 Ice Snorunt
58%
293 Normal Whismur
57%
344 Ground/Psychic Claydol
56%
345 Rock/Grass Lileep
56%
369 Water/Rock Relicanth
56%
336 Poison Seviper
56%
348 Rock/Bug Armaldo
55%
343 Ground/Psychic Baltoy
55%
332 Grass/Dark Cacturne
55%
346 Rock/Grass Cradily
55%
347 Rock/Bug Anorith
54%
331 Grass Cacnea
54%
349 Water Feebas
54%
350 Water Milotic
54%
335 Normal Zangoose
53%
359 Dark Absol
51%
366 Water Clamperl
50%
340 Water/Ground Whiscash
50%
339 Water/Ground Barboach
48%
316 Poison Gulpin
48%
315 Grass/Poison Roselia
48%
327 Normal Spinda
48%
367 Water Huntail
47%
317 Poison Swalot
47%
313 Bug Volbeat
47%
368 Water Gorebyss
46%
314 Bug Illumise
46%
300 Normal Skitty
46%
298 Normal/Fairy Azurill
45%
301 Normal Delcatty
44%
341 Water Corphish
42%
342 Water/Dark Crawdaunt
42%
370 Water Luvdisc
42%
325 Psychic Spoink
40%
326 Psychic Grumpig
39%
351 Normal Castform
38%
352 Normal Kecleon
38%
358 Psychic Chimecho
33%
360 Psychic Wynaut
27%
No matching quizzes found
Score Distribution
Percent of People with Each Score
Percentile by Number Answered
Your Score History
You have not taken this quiz